| 000 | 00449nam a22001577a 4500 | ||
|---|---|---|---|
| 020 | _axxxxxxxxxx | ||
| 082 | _aREF 382 BER | ||
| 100 | _aBerry,Albert A. | ||
| 245 | _aA Note on The Capacity to Transform and the Welfare Costs of Foreign Trade Fluctuations | ||
| 250 | _aCenter paper No. 144 | ||
| 260 |
_aYale _bYale university _c1970 |
||
| 300 |
_a846p. _bill.;22cm |
||
| 500 | _aIncludes references | ||
| 700 | _aHymer,Stephen H. | ||
| 942 | _cBK | ||
| 999 |
_c12587 _d12587 |
||